<?xml version="1.0" encoding="UTF-8"?>
<marc:record xmlns:marc="http://www.loc.gov/MARC21/slim">
   <marc:leader>00000nam a2200000 a 4500</marc:leader>
   <marc:datafield ind1="1" ind2=" " tag="100">
      <marc:subfield code="a">Cnyrim, Petra</marc:subfield>
      <marc:subfield code="4">aut</marc:subfield>
      <marc:subfield code="e">Verfasser/-in</marc:subfield>
   </marc:datafield>
   <marc:datafield ind1="0" ind2="0" tag="245">
      <marc:subfield code="a">Erklärs mir, als wäre ich 5: Kinderfragen einfach beantwortet</marc:subfield>
   </marc:datafield>
   <marc:datafield ind1="0" ind2="0" tag="245">
      <marc:subfield code="b">Erklär's mir, als wäre ich 5: Kinderfragen einfach beantwortet</marc:subfield>
   </marc:datafield>
   <marc:datafield ind1="0" ind2="0" tag="245">
      <marc:subfield code="c">Cnyrim, Petra</marc:subfield>
   </marc:datafield>
   <marc:datafield ind1=" " ind2="1" tag="264">
      <marc:subfield code="a">München</marc:subfield>
      <marc:subfield code="b">riva</marc:subfield>
      <marc:subfield code="c">2019</marc:subfield>
   </marc:datafield>
   <marc:datafield ind1=" " ind2=" " tag="250">
      <marc:subfield code="a">Originalausgabe, 1. Auflage</marc:subfield>
   </marc:datafield>
   <marc:datafield ind1="1" ind2=" " tag="520">
      <marc:subfield code="a">Kinder stellen tausend Fragen. Fragen, die jeder Erwachsene ganz einfach beantworten kann. Oder vielleicht doch nicht? Selbst wenn man die Antwort kennt, ist es oft gar nicht so leicht, den Kleinen Erklärungen zu liefern, die sie auch verstehen.&#xD;
&#xD;
Dieses Buch versucht genau das und liefert Erwachsenen nicht nur Erklärungen für spannende Fragestellungen, sondern zeigt, dass man komplizierte Dinge manchmal ganz einfach ausdrücken kann.&#xD;
&#xD;
* Wieso blitzt es bei Gewittern?&#xD;
* Warum ist nachts alles schwarz-weiß?&#xD;
* Wie funktioniert ein Touchscreen?&#xD;
* Wie kommt der Strom in die Steckdose?</marc:subfield>
   </marc:datafield>
   <marc:datafield ind1=" " ind2=" " tag="020">
      <marc:subfield code="a">9783742308702</marc:subfield>
      <marc:subfield code="9">9783742308702</marc:subfield>
   </marc:datafield>
   <marc:datafield ind1=" " ind2=" " tag="020">
      <marc:subfield code="a">374230870X</marc:subfield>
      <marc:subfield code="9">374230870X</marc:subfield>
   </marc:datafield>
   <marc:datafield ind1=" " ind2=" " tag="041">
      <marc:subfield code="a">ger</marc:subfield>
   </marc:datafield>
   <marc:datafield ind1=" " ind2=" " tag="300">
      <marc:subfield code="a">221 Seiten</marc:subfield>
   </marc:datafield>
</marc:record>
